Examen económico, histórico-crítico de la Hacienda y Deuda del Estado, proyecto de su reforma general y la del Banco ... / (Record no. 162212)

MARC details
000 -LEADER
campo de control de longitud fija 00682nam a22001815i 4500
001 - NÚMERO DE CONTROL
campo de control 162212
003 - IDENTIFICADOR DE NÚMERO DE CONTROL
campo de control ES-MaACL
005 - FECHA Y HORA DE LA ÚLTIMA TRANSACCIÓN
campo de control 20230906212444.0
008 - DATOS DE LONGITUD FIJA--INFORMACIÓN GENERAL
campo de control de longitud fija 940301s1840 sp |||| | spa d
040 ## - FUENTE DE CATALOGACIÓN
Centro catalogador/agencia de origen AS
Lengua de catalogación spa
100 1# - ENTRADA PRINCIPAL--NOMBRE DE PERSONA
Nombre de persona Pita Pizarro, Pio.
9 (RLIN) 131186
245 10 - MENCIÓN DEL TÍTULO
Título Examen económico, histórico-crítico de la Hacienda y Deuda del Estado, proyecto de su reforma general y la del Banco ... /
Mención de responsabilidad, etc. por Pio Pita Pizarro.
260 ## - PUBLICACIÓN, DISTRIBUCIÓN, ETC.
Lugar de publicación, distribución, etc. Madrid :
Nombre del editor, distribuidor, etc. [s.n.],
Fecha de publicación, distribución, etc. 1840 (
Fabricante Imprenta de Narciso Sánchez)
300 ## - DESCRIPCIÓN FÍSICA
Extensión VII, 186 [i.e. 486] p. ;
Dimensiones 22 cm.
597 #1 - NOTA DE DESCRIPCIÓN FÍSICA
NOTA DE DESCRIPCIÓN FÍSICA Error de pág.: de la p. 485 pasa a la 186.
752 ## - ENTRADA AGREGADA--NOMBRE JERÁRQUICO DEL LUGAR
País o entidad superior España -
Ciudad Madrid
852 ## - LOCALIZACIÓN
Ubicación ES-MaACL
Número de control de estantería G-12782
Nota libre -- Enc. hol.
Holdings
Estatus retirado Estado de pérdida Estado de daño No para préstamo Colección Biblioteca de origen Biblioteca actual Ubicación en estantería Fecha de adquisición Fuente de adquisición Total de préstamos Signatura topográfica completa Código de barras Visto por última vez Precio de reemplazo Tipo de ítem Koha
        Libros del s. XIX Biblioteca del Ateneo de Madrid Biblioteca del Ateneo de Madrid Sala Pecera Planta 3 17/01/2008     G-12782 1169937 23/02/2023 23/02/2023 Libro impreso antiguo